书目信息 |
| 题名: |
教育论文写作
|
|
| 作者: | 陈时见 编著 | |
| 分册: | ||
| 出版信息: | 南宁 广西人民出版社 2000 |
|
| 页数: | 186页 | |
| 开本: | 21cm | |
| 丛书名: | 论文写作丛书 | |
| 单 册: | ||
| 中图分类: | H152.2 | |
| 科图分类: | ||
| 主题词: | 教育学--jiao yu xue--论文--写作 , 汉语--写作 , 汉语--修辞 | |
| 电子资源: | ||
| ISBN: | 7-219-04181-0 | |
| 000 | 01098nam0 2200301 45 | |
| 001 | CAL 012001037824 | |
| 005 | 20031219104103.6 | |
| 010 | @a7-219-04181-0@dCNY14.50 | |
| 100 | @a20001201d2000 ekmy0chiy0120 ea | |
| 101 | 0 | @achi |
| 102 | @aCN@b450000 | |
| 105 | @ak a 000yy | |
| 106 | @ar | |
| 200 | 1 | @a教育论文写作@Ajiao yu lun wen xie zuo@d= Thesis writting in education@f陈时见主编@zeng |
| 210 | @a南宁@c广西人民出版社@d2000 | |
| 215 | @a186页@d21cm | |
| 225 | 2 | @a论文写作丛书@Alun wen xie zuo cong shu@d= Series on thesis writting@f车芳仁主编@zeng |
| 320 | @a有书目(第184-185页) | |
| 330 | @a本书包括:教育研究与教育论文概述、教育论文的选题、教育论文文献查阅、教育论文设计、教育论文的撰写、教育学类论文写作、心理学类论文写作、教育管理学类论文写作八章的内容。 | |
| 410 | 0 | @12001 @a论文写作丛书 |
| 510 | 1 | @aThesis writting in education@zeng |
| 606 | 0 | @a教育学@Ajiao yu xue@x论文@x写作 |
| 606 | 0 | @a汉语@x写作 |
| 606 | 0 | @a汉语@x修辞 |
| 690 | @aH152.2@v4 | |
| 701 | 0 | @a陈时见@Achen shi jian@4编著 |
| 801 | @aCN@bTSTC@c20030116 | |
| 905 | @b319456@dH152.2@f1@e263 | |
| 教育论文写作= Thesis writting in education/陈时见主编.-南宁:广西人民出版社,2000 |
| 186页;21cm.-(论文写作丛书= Series on thesis writting/车芳仁主编) |
| ISBN 7-219-04181-0:CNY14.50 |
| 本书包括:教育研究与教育论文概述、教育论文的选题、教育论文文献查阅、教育论文设计、教育论文的撰写、教育学类论文写作、心理学类论文写作、教育管理学类论文写作八章的内容。 |
| ● |
| 相关链接 |
|
|
|
|
正题名:教育论文写作
索取号:H152.2/263
 
预约/预借
| 序号 | 登录号 | 条形码 | 馆藏地/架位号 | 状态 | 备注 |
| 1 | 0319456 | 203194569 | 第二样本阅览室/ [索取号:H152.2/263] | 在馆 |